Statistics for Biggest Cities in the British Empire on a Map

Click here to take the quiz!

General Stats

  • This quiz has been taken 1,286 times
    (582 since last reset)
  • The average score is 65 of 107

Answers on the Map

Answers color-coded by a green-red scale on the quiz's map according to % correct below.
 

Answer Stats

PopulationCity% Correct
14,800,000London
97%
23,000,000New York
95%
21,900,000Cairo
92%
5,450,000Sydney
92%
6,300,000Miami
91%
32,400,000Delhi
90%
26,100,000Mumbai
90%
4,375,000Cape Town
89%
7,400,000Hong Kong
89%
7,850,000Boston
88%
3,100,000Manchester
88%
6,050,000Alexandria
87%
7,300,000Baghdad
87%
9,850,000Chicago
87%
7,650,000Toronto
87%
2,950,000Vancouver
87%
3,150,000Birmingham
85%
1,880,000Liverpool
85%
2,125,000Perth
85%
7,950,000Singapore
85%
14,500,000Johannesburg
84%
5,150,000Melbourne
84%
8,750,000Washington / Baltimore
84%
6,050,000Dubai
83%
20,700,000Lagos
82%
7,550,000Philadelphia
82%
4,550,000Seattle
81%
6,000,000Atlanta
80%
4,325,000Kuwait City
80%
17,200,000Kolkata
79%
4,275,000Montreal
79%
5,850,000Detroit
78%
3,575,000Orlando
78%
9,100,000Kuala Lumpur
77%
6,300,000Nairobi
77%
2,775,000Tel Aviv / Jaffa
77%
3,300,000Brisbane
76%
2,375,000Doha
76%
20,900,000Dhaka
75%
6,650,000Khartoum
75%
18,600,000Karachi
74%
2,175,000Leeds
74%
5,700,000Amman
73%
3,625,000Rawalpindi / Islamabad
73%
3,000,000Sana'a
73%
6,150,000Accra
71%
4,850,000Colombo
71%
4,450,000Tampa
71%
6,750,000Dar es Salaam
70%
3,900,000Abuja
69%
2,050,000Mogadishu
69%
2,075,000Indianapolis
67%
3,250,000Minneapolis
67%
1,930,000Freetown
66%
13,900,000Lahore
66%
11,900,000Chennai
65%
3,100,000Cleveland
65%
10,700,000 | 2,375,000Hyderabad
65%
5,850,000Yangon
63%
3,825,000Kampala
62%
2,375,000St. Louis
62%
13,200,000Bengaluru
61%
2,525,000Charlotte
61%
3,525,000Durban
61%
2,075,000Harare
61%
2,075,000Pittsburgh
61%
2,850,000Cincinnati
58%
9,050,000Ahmedabad
55%
2,925,000Lusaka
55%
2,075,000Gaza
53%
5,000,000Kano
51%
5,100,000Chittagong
49%
7,350,000Pune
48%
4,175,000Jaipur
45%
2,425,000Agra
44%
3,025,000Kathmandu
44%
3,900,000Lucknow
44%
7,150,000Surat
43%
3,850,000Faisalabad
38%
3,800,000Ibadan
38%
2,525,000Port Harcourt
35%
2,050,000George Town
34%
3,375,000Nagpur
34%
3,400,000Indore
31%
3,550,000Kanpur
31%
2,825,000Kumasi
31%
2,550,000Bhopal
29%
2,800,000Patna
29%
2,275,000Lomé
28%
2,525,000Peshawar
28%
2,000,000Varanasi
25%
3,075,000Bhilai / Raipur
23%
2,850,000Coimbatore
23%
2,225,000Multan
23%
2,300,000Vishakhapatnam
23%
2,500,000Chandigarh
22%
2,975,000Gujranwala
20%
2,000,000Kaduna
20%
2,025,000Rajkot
20%
2,300,000Vadodara
19%
1,980,000Bhubaneswar
18%
2,050,000Ludhiana
17%
2,450,000Yantai
17%
2,225,000Nashik
16%
2,150,000Vijayawada
16%
1,910,000Aurangabad
15%

Score Distribution

Percentile by Number Answered

Percent of People with Each Score

Your Score History

You have not taken this quiz since the last reset